00374nam a22001337a 450000500170000000800410001702000150005804000130007308200230008610000150010924500640012426000410018830000110022920150302153712.0150302b xxu||||| |||| 00| 0 eng d a0946110409 cPK-LaUMT aKHC 954.915bAWA-B aAwan, A.B. aBaluchistan bhistorical and political processescA.B. Awan aLondonbNew Century publishersc1985 a345 p.